00896nam a2200241 i 4500001001000000003000900010005001700019007000300036008004100039040003000080082002500110100004200135245008500177264004500262300006200307336002700369337003300396338002800429500003500457504003300492600005200525651007700577000034670DO-SdBNP20250618130306.0ta110330t1966 dr ac 000 0bspa d aDO-SdBNPbspacBNPHUerda 4a923.17293bT866c2221 aCrassweller, Robert D.,d1915-eautor10aTrujillo :bthe life and times of a caribbean dictator /cRobert D. Crassweller. aNew York :bThe Macmillan Company,c1966 a468 páginas :bilustraciones, mapa, retratos. ;c22 cm. 2rdacontentatextobtxt 2rdamediaasin mediaciónbn 2rdacarrieravolumenbnc aIncluye índice onomástico. aBibliografía : p. 451-459.10aTrujillo Molina, Rafael Leónidas,d 1891-1961 4aRepública DominicanaxPolítica y gobiernoyEra de Trujillo 1930-1961